000
00305nam a2200133Ia 4500
008
191201s2011 xx 000 0 und d
082
_a
658.5
_b
GAO
100
_a
GAITHER, Norman
245
0
_a
Operation Management
260
_a
N.Delhi
_b
Thomson
_c
2011
300
_a
811
650
_a
MBA
942
_2
ddc
_c
BK
999
_c
5309
_d
5309